000 01602nam a2200409 i 4500
001 ELB151768
003 FINmELB
005 20250326043407.0
006 m o u
007 cr cn|||||||||
008 210921s2005 mx o 001 0 spa d
020 _a9788493439507
_q(print)
035 _a(OCoLC)929738362
040 _aFINmELB
_bspa
_erda
_cFINmELB
050 4 _aQ174.8
_bT147 2005
080 _a5(091)
082 0 4 _a501
_223
245 0 3 _aEl taller de las ideas :
_bdiez lecciones de historia de la ciencia /
_cJosé Luis González Recio (editor).
264 1 _aMéxico :
_bPlaza y Valdés,
_c2005.
300 _a1 recurso en línea (355 páginas)
336 _atexto
_btxt
_2rdacontent/spa
337 _acomputadora
_bc
_2rdamedia/spa
338 _arecurso en línea
_bcr
_2rdacarrier/spa
500 _aIncluye índice.
588 _aDescripción basada en metadatos suministrados por el editor y otras fuentes.
590 _aRecurso electrónico. Santa Fe, Arg.: elibro, 2021. Disponible vía World Wide Web. El acceso puede estar limitado para las bibliotecas afiliadas a elibro.
650 0 _aScience
_xPhilosophy, methodology
_xHistory.
650 4 _aCiencia
_xFilosofía, metodología
_xHistoria.
655 4 _aLibros electrónicos.
700 1 _aGonzález Recio, José Luis,
_eeditor.
710 1 _aReino de España.
_bUniversidad Complutense,
_ecolaborador.
797 2 _aelibro, Corp.
856 4 0 _uhttps://elibro.net/ereader/usam/151768
999 _c145725
_d145725